| 000 | 00415nam a2200157 i 4500 | ||
|---|---|---|---|
| 001 | bg | ||
| 100 | 1 | _aSZEWCZYK, Jerzy | |
| 245 | 0 |
_aSzwecja / _cJerzy Szewczyk. |
|
| 260 |
_aWarszawa : _bWiedza Powszechna, _c1978. |
||
| 490 | 1 | _aBiblioteka - Kraje, Ludzie, Obyczaje | |
| 830 | _aBiblioteka - Kraje, Ludzie, Obyczaje | ||
| 040 | _cBPK | ||
| 041 | _apol | ||
| 942 | _cKS | ||
| 008 | s pl f |000 0 pol | ||
| 999 |
_c9498 _d9498 |
||
| 856 |
_uhttp://koha.tu.koszalin.pl/cgi-bin/koha/opac-detail.pl?biblionumber=9498 _yKatalog online BPK |
||